Les plus gros transferts du football - Saison 2025-2026 - Statistiques

Statistiques générales
  • Ce quiz a été pris 224 fois
  • Le résultat moyen est 9 sur 10
Statistiques - réponses
Montant de transfert (M €) Nationalité Venant de Allant à Joueur % Correct
145,00 Suède Newcastle United Liverpool Alexander Isak
99%
125,00 Allemagne Bayer Leverkusen Liverpool Florian Wirtz
98%
95,00 France Eintracht FrancFORT Liverpool Hugo Ekitiké
97%
70,00 Colombie Liverpool Bayern Munich Luis Díaz
94%
75,00 Nigéria Naples Galatasaray Victor Osimhen
92%
75,00 France / Cameroun Brentford Manchester United Bryan Mbeumo
85%
76,50 Slovénie RB Lipsia Manchester United Benjamin Sesko
82%
70,00 Espagne Real Sociedad Arsenal Martín Zubimendi
81%
74,20 Brésil Wolverhampton Manchester United Matheus Cunha
79%
75,00 Allemagne VfB Stuttgart Newcastle United Nick Woltemade
74%
Aucun quiz correspondant
Distribution des résultats
% des personnes avec chaque résultat
Percentile par nombre de réponses
Votre historique - résultats
Vous n’avez pas pris ce quiz